Viaje de Rohlfs, de Trípoli a Lagos a través del desierto de Sahara / (Record no. 68354)
[ view plain ]
| 000 -LEADER | |
|---|---|
| campo de control de longitud fija | 01115nam a2200253 i 4500 |
| 001 - NÚMERO DE CONTROL | |
| campo de control | 68354 |
| 003 - IDENTIFICADOR DE NÚMERO DE CONTROL | |
| campo de control | ES-MaACL |
| 005 - FECHA Y HORA DE LA ÚLTIMA TRANSACCIÓN | |
| campo de control | 20250813063308.0 |
| 007 - CAMPO FIJO DE DESCRIPCIÓN FÍSICA--INFORMACIÓN GENERAL | |
| campo de control de longitud fija | t| |
| 008 - DATOS DE LONGITUD FIJA--INFORMACIÓN GENERAL | |
| campo de control de longitud fija | 960731s1877 sp |||| | spa d |
| 100 1# - ENTRADA PRINCIPAL--NOMBRE DE PERSONA | |
| Nombre de persona | García Ayuso, Francisco, |
| Fechas asociadas al nombre | 1835-1897 |
| 9 (RLIN) | 54202 |
| 245 10 - MENCIÓN DEL TÍTULO | |
| Título | Viaje de Rohlfs, de Trípoli a Lagos a través del desierto de Sahara / |
| Mención de responsabilidad, etc. | redactado con sujeción a sus memorias y relaciones por F. García Ayuso. |
| 260 ## - PUBLICACIÓN, DISTRIBUCIÓN, ETC. | |
| Lugar de publicación, distribución, etc. | Madrid : |
| Nombre del editor, distribuidor, etc. | [s.n.] ; |
| Lugar de publicación, distribución, etc. | Paris : |
| Nombre del editor, distribuidor, etc. | Maisonneuve et c., |
| Fecha de publicación, distribución, etc. | [1877] ( |
| Lugar de fabricación/manufactura | Madrid : |
| Fabricante | Est. tipográfico de M. Minuesa de los Rios) |
| 300 ## - DESCRIPCIÓN FÍSICA | |
| Extensión | 61, [6] p. ; |
| Dimensiones | 26 cm. |
| 510 3# - NOTA DE CITAS O REFERENCIAS BIBLIOGRÁFICAS | |
| Nombre de la fuente | Separata de: Descubrimientos geográficos modernos |
| 530 ## - NOTA DISPONIBLE DE FORMULARIO FÍSICO ADICIONAL | |
| Nota de formato físico adicional disponible | Disponible en formato digital. |
| 600 14 - PUNTO DE ACCESO ADICIONAL DE MATERIA--NOMBRE DE PERSONA | |
| Nombre de persona | Rohlfs, Gerhard. |
| 9 (RLIN) | 98982 |
| 651 #4 - PUNTO DE ACCESO ADICIONAL DE MATERIA--NOMBRE GEOGRÁFICO | |
| Nombre geográfico | Libia- |
| Subdivisión general | Descripción. |
| 9 (RLIN) | 153649 |
| 651 #4 - PUNTO DE ACCESO ADICIONAL DE MATERIA--NOMBRE GEOGRÁFICO | |
| Nombre geográfico | Níger- |
| Subdivisión general | Descripción. |
| 9 (RLIN) | 153650 |
| 651 #4 - PUNTO DE ACCESO ADICIONAL DE MATERIA--NOMBRE GEOGRÁFICO | |
| Nombre geográfico | Nigeria- |
| Subdivisión general | Descripción. |
| 9 (RLIN) | 153651 |
| 852 ## - LOCALIZACIÓN | |
| Ubicación | ES-MaACL |
| Número de control de estantería | T-328-F-2 |
| 856 ## - LOCALIZACIÓN Y ACCESO ELECTRÓNICOS | |
| Identificador Uniforme de Recursos | <a href="http://bibliotecadigitalhispanica.bne.es:80/webclient/DeliveryManager?pid=1843226&custom_att_2=simple_viewer">http://bibliotecadigitalhispanica.bne.es:80/webclient/DeliveryManager?pid=1843226&custom_att_2=simple_viewer</a> |
| Nota pública | Biblioteca Digital Hispánica |
| Estatus retirado | Estado de pérdida | Estado de daño | No para préstamo | Colección | Biblioteca de origen | Biblioteca actual | Ubicación en estantería | Fecha de adquisición | Fuente de adquisición | Total de préstamos | Signatura topográfica completa | Código de barras | Visto por última vez | Precio de reemplazo | Tipo de ítem Koha |
|---|---|---|---|---|---|---|---|---|---|---|---|---|---|---|---|
| Colección de folletos | Biblioteca del Ateneo de Madrid | Biblioteca del Ateneo de Madrid | Depósito folletos | 17/01/2008 | T-328-F-2 | 1071553 | 23/02/2023 | 23/02/2023 | Folleto |
